00884nam a2200181 a 450000100100000000500170001000800410002704000250006811100830009324502000017626000370037630000200041349000350043350400730046870000260054171001000056783000350066700004137720250701121839.0130705s2006 dr 000 0 spa d aDO-SdBNPbspacBNPHU2 aForo Presidencial por la Excelencia de la Educaciónd(2006 :cSanto Domingo)10aSituación y perspectivas de la investigación y la enseñanza de la ciencias y la tecnología en las instituciones de educación superior dominicana /ccoordinadora Clara Ortíz...[et.al]. aSanto Domingo :bSEESCyT,c2006. a20 p. ;c22 cm.1 aMesas de trabajo de la SEESCyT aIncluye referencias bibliográficas y notas al pie de las páginas1 aOrtíz, Claraecoor.1 aRepública Dominicana.bSecretaría de Estado de Educación Superior, Ciencia y Tecnología 0aMesas de trabajo de la SEESCyT